ESSENTIALS OF MATERNAL NEWBORN NURSING (Record no. 524664)

MARC details
000 -LEADER
fixed length control field 00380pam a2200157a 44500
008 - FIXED-LENGTH DATA ELEMENTS--GENERAL INFORMATION
fixed length control field 230515b1994 xxu||||| |||| 00| 0 eng d
020 ## - INTERNATIONAL STANDARD BOOK NUMBER
International Standard Book Number NULL
041 ## - LANGUAGE CODE
Language code of text/sound track or separate title ENG
082 ## - DEWEY DECIMAL CLASSIFICATION NUMBER
Classification number 610.73677
100 ## - MAIN ENTRY--PERSONAL NAME
Personal name PATRICIOW LADEWING
245 ## - TITLE STATEMENT
Title ESSENTIALS OF MATERNAL NEWBORN NURSING
250 ## - EDITION STATEMENT
Edition statement 3RD
260 ## - PUBLICATION, DISTRIBUTION, ETC.
Place of publication, distribution, etc. NULL
Name of publisher, distributor, etc. "ADDISON WESLEY, ND, 0"
Date of publication, distribution, etc. 1994
300 ## - PHYSICAL DESCRIPTION
Extent 909
650 ## - SUBJECT ADDED ENTRY--TOPICAL TERM
Topical term or geographic name entry element N.D.
Holdings
Withdrawn status Lost status Damaged status Not for loan Home library Current library Shelving location Date acquired Source of acquisition Cost, normal purchase price Total Checkouts Full call number Barcode Date last seen Price effective from Koha item type
        College of Nursing, Pune College of Nursing, Pune   10/08/2006 "VBD, KOTHRUD PUNE 29, 0" 3701.20   610.73677 NCP-UG-3420 28/06/2023 28/06/2023 Reference Books